Missing Word: Boy Oh Boy! Quiz Stats

 Plays Quiz Updated Oct 13, 2016

Challenge
Share
Tweet
Embed
Score 0/20 Timer 03:00
1 Play Today
Title Answer % Correct
________ and a Half MenTwo
99.3%
The Boy Who ________ WolfCried
95.9%
Of ________ and MenMice
94.4%
Boyz II ________Men
93.9%
The Boys Are _______ in TownBack
93.3%
Boy ________ WorldMeets
89.8%
Dude, Where's My ________?Car
89.4%
Father of the ________Bride
88.1%
Men Behaving ________Badly
83.9%
Man in the ________Mirror
83.4%
Title Answer % Correct
________ Out BoyFall
79.9%
The ________ Man and the SeaOld
76.2%
The Boy in the ________ PajamasStriped
70.5%
Sons of ________Anarchy
66.5%
Carry On ________ SonWayward
64.2%
The ________ BoysHardy
60.8%
Hangin' with Mr. ________Cooper
43.3%
The Man From Snowy _______River
36.3%
________ of our FathersFlags
35.2%
________ BoiSk8er
32.4%

Today's Daily Dose

Missing Word
Entertainment 'M'

Word Ladder
North Carolina

On This Day
January 16th II

You're not logged in!

Compare scores with friends on all Sporcle quizzes.
OR
Log In

You Might Also Like...

Show Comments

Extras

Top Quizzes Today


Score Distribution

Your Account Isn't Verified!

In order to create a playlist on Sporcle, you need to verify the email address you used during registration. Go to your Sporcle Settings to finish the process.

Report this User

Report this user for behavior that violates our Community Guidelines.

Details: